Rattan as a supplementary crop in rubber plantations (Record no. 66347)

MARC details
000 -LEADER
fixed length control field 00421nam a2200133Ia 4500
100 ## - MAIN ENTRY--AUTHOR NAME
Personal name Salleh Bin Mohd Nor
245 #0 - TITLE STATEMENT
Title Rattan as a supplementary crop in rubber plantations
260 ## - PUBLICATION, DISTRIBUTION, ETC. (IMPRINT)
Name of publisher Proceedings of the RRIM Rubber Growers Conference, Ipoh, Perak 1986; p261-273
650 ## - SUBJECT ADDED ENTRY--TOPICAL TERM
Topical Term Rattan
650 ## - SUBJECT ADDED ENTRY--TOPICAL TERM
Topical Term Rubber plantation
700 ## - ADDED ENTRY--PERSONAL NAME
Personal name Aminuddin Bin Mohamad
942 ## - ADDED ENTRY ELEMENTS (KOHA)
Koha item type Journals
Holdings
Withdrawn status Lost status Damaged status Not for loan Home library Current library Shelving location Date acquired Koha item type
      Journals RRII Library RRII Library Soils and agonomy 17/12/2021 Journals